000 00553nam a2200181Ia 4500
003 GCL
008 140319s9999 xx 000 0 ara d
040 _aGCL /
_cGCL
082 0 4 _a020.5
_bا م
245 1 0 _aمكتبات. نت(مج7 \ ع1)
260 _aالقاهرة :
_bايبيس.كوم ،
_c2006
650 0 4 _aالمكتبات
650 0 4 _aالحكومة الالكترونية
650 0 4 _aالإنترنت - المكتبات
650 0 4 _aالخصخصة - مكتبات
650 0 4 _aالاخبار الالكترونية
942 _2ddc
_cCR
999 _c8489
_d8489